The politics of the world-economy: The states, the movements, and the civilizations
Bewaard in:
| Hoofdauteur: | |
|---|---|
| Formaat: | Boek |
| Taal: | Engels |
| Gepubliceerd in: |
Londres
Cambridge University Press
1984
|
| Onderwerpen: | |
| Tags: |
Voeg label toe
Geen labels, Wees de eerste die dit record labelt!
|
MARC
| LEADER | 00000nam a2200000 a 4500 | ||
|---|---|---|---|
| 001 | UCG0718 | ||
| 003 | CL-VaPUC | ||
| 008 | 100401e19840000UK |||||||||||||||||eng|d | ||
| 020 | |a 0521277604 | ||
| 082 | 0 | 4 | |a 330.9048 |b WAL |2 21 |
| 100 | 0 | |a Wallerstein, Immanuel Maurice |e author |9 486585 | |
| 245 | 1 | 4 | |a The politics of the world-economy: The states, the movements, and the civilizations |
| 300 | |a 191 p | ||
| 942 | |c BK | ||
| 945 | |d 20100401 00:00:00 |a dcastane | ||
| 260 | |a Londres |b Cambridge University Press |c 1984 | ||
| 650 | 7 | |a HISTORIA ECONOMICA 1945 |2 CL-VaPUC |9 318659 | |
| 650 | 7 | |a RESISTENCIA AL GOBIERNO |2 CL-VaPUC |9 548242 | |
| 650 | 0 | |a Calidad de vida |9 322944 | |
| 650 | 7 | |a CAPITALISMO ASPECTOS POLITICOS |2 CL-VaPUC |9 548243 | |
| 583 | |a last modification |c 20130328 10:27:19 |k Rodrigo Vera | ||
| 999 | |c 340263 |d 340261 | ||
| 952 | |0 0 |1 0 |4 0 |6 330_904800000000000_WAL_1984 |7 0 |8 A |9 434843 |a BIBHIS |b BIBHIS |d 2019-11-22 |i 4643909 |o 330.9048 WAL 1984 |p 4643909 |r 2025-01-20 |w 2019-11-22 |y BK |k HIS | ||